000 00792nam a22002537a 4500
001 BR9507937
003 BR-BrBNA
005 20230928094730.0
007 ta
008 230509b bl.||||| |||| 00| 0 por d
040 _aBR-BrBNA
_bpor
_cBiblioteca Nacional de Agricultura
041 _a(Por)
072 _aM01; L50; E14
_b8520
090 _ 8520 BR9507937
110 1 _aAssociacao Brasileira dos Criadores de Ras, Sao Paulo, SP (Brasil)
_9345
245 1 _aSubsidios para a nova politica nacional de pesca subgrupo de trabalho: Ra. Portaria Interministerial no. 2, de 29 abril de 1994
260 3 _aSao Paulo, SP (Brasil):
_c1994.
300 _a30 p.
650 _aRa
650 _aPolitica Pesqueira
650 _aPortaria
909 _a202309
_bLucia
_c55
_dLucia Elande
942 _cBK
999 _c52334
_d52334